000
00267nam a22001217a 4500
003
OSt
008
250212b |||||||| |||| 00| 0 eng d
041
_a
eng
082
_a
551.48
_b
SUB/EN
100
_a
Subramanya, K
_9
149
245
_a
Engineering Hydrology
942
_c
BK
999
_c
19363
_d
19363